<?xml version="1.0" encoding="UTF-8"?>
<record
    xmlns:xsi="http://www.w3.org/2001/XMLSchema-instance"
    xsi:schemaLocation="http://www.loc.gov/MARC21/slim http://www.loc.gov/standards/marcxml/schema/MARC21slim.xsd"
    xmlns="http://www.loc.gov/MARC21/slim">

  <leader>01815nam a2200349 i 4500</leader>
  <controlfield tag="003">DO-SdBNP</controlfield>
  <controlfield tag="005">20230502095232.0</controlfield>
  <controlfield tag="007">ta</controlfield>
  <controlfield tag="008">210408b19--    dr ag||| |||| 00| 0 spa d</controlfield>
  <datafield tag="040" ind1=" " ind2="4">
    <subfield code="a">DO-SdBNP</subfield>
    <subfield code="b">spa</subfield>
    <subfield code="c">BNPHU</subfield>
    <subfield code="e">rda</subfield>
  </datafield>
  <datafield tag="082" ind1=" " ind2="4">
    <subfield code="a">780.264</subfield>
    <subfield code="b">B737c</subfield>
    <subfield code="2">22</subfield>
  </datafield>
  <datafield tag="100" ind1="1" ind2="1">
    <subfield code="a">Borr&#xE1;s, Yolanda </subfield>
    <subfield code="9">78337</subfield>
  </datafield>
  <datafield tag="245" ind1="1" ind2="0">
    <subfield code="a">!Cantemos todos juntos! : </subfield>
    <subfield code="b">canciones, rimas y bailes para ni&#xF1;os /</subfield>
    <subfield code="c">Yolanda Borr&#xE1;s</subfield>
  </datafield>
  <datafield tag="264" ind1=" " ind2=" ">
    <subfield code="a">s.l. :</subfield>
    <subfield code="b">Imbilingual.com,</subfield>
    <subfield code="c">2018.</subfield>
  </datafield>
  <datafield tag="300" ind1=" " ind2=" ">
    <subfield code="a">32 p&#xE1;ginas :</subfield>
    <subfield code="b">ilustraciones ;</subfield>
    <subfield code="c">11 cm.</subfield>
  </datafield>
  <datafield tag="336" ind1=" " ind2=" ">
    <subfield code="2">rdacontent</subfield>
    <subfield code="a">texto</subfield>
    <subfield code="b">txt</subfield>
  </datafield>
  <datafield tag="337" ind1=" " ind2=" ">
    <subfield code="2">rdamedia</subfield>
    <subfield code="a">sin mediaci&#xF3;n</subfield>
    <subfield code="b">n</subfield>
  </datafield>
  <datafield tag="338" ind1=" " ind2=" ">
    <subfield code="2">rdacarrier</subfield>
    <subfield code="a">volumen</subfield>
    <subfield code="b">nc</subfield>
  </datafield>
  <datafield tag="500" ind1=" " ind2=" ">
    <subfield code="a">Gu&#xED;a de actividades para docentes </subfield>
  </datafield>
  <datafield tag="500" ind1=" " ind2=" ">
    <subfield code="a">Incluye tabla de contenido </subfield>
  </datafield>
  <datafield tag="505" ind1=" " ind2=" ">
    <subfield code="a">Vamos ni&#xF1;os a cantar -  Actividad  --</subfield>
    <subfield code="t">Vamos ni&#xF1;os a cantar -- </subfield>
    <subfield code="t">Debajo de un bot&#xF3; - Actividad  --</subfield>
    <subfield code="t">Debajo de un  bot&#xF3;n  --</subfield>
    <subfield code="t">Tipi Tipi Tin - Actividades --</subfield>
    <subfield code="t">Tipi Tipi Tin --</subfield>
    <subfield code="t">Instrumentos musicales --</subfield>
    <subfield code="t">Nana Dominicana --</subfield>
    <subfield code="t">Coro de animales - Actividad --</subfield>
    <subfield code="t">La finca --</subfield>
    <subfield code="t">Cheki morena --</subfield>
    <subfield code="t">Este ni&#xF1;o lindo --</subfield>
    <subfield code="t">Instrumentos musicales --</subfield>
    <subfield code="t">Lev&#xE1;ntate soldado --</subfield>
    <subfield code="t">El sereno - Actividad --</subfield>
    <subfield code="t">El sereno --</subfield>
    <subfield code="t">El hijo del conde --</subfield>
    <subfield code="t">El barquito de papel --</subfield>
    <subfield code="t">Bate, bate, chocolate- Actividad --</subfield>
    <subfield code="t">Bate, bate, chocolate --</subfield>
    <subfield code="t">Los pollitos --</subfield>
    <subfield code="t">Cantemos todos juntos --</subfield>
    <subfield code="t">Letra de canciones </subfield>
    <subfield code="t">Tabla de contenido --</subfield>
    <subfield code="t">Hoja de apuntes del docente --</subfield>
    <subfield code="t">Sobre la autora.</subfield>
  </datafield>
  <datafield tag="590" ind1=" " ind2=" ">
    <subfield code="a">Inventariado, 2021 / SA</subfield>
  </datafield>
  <datafield tag="650" ind1=" " ind2="4">
    <subfield code="a">Instrumentos musicales</subfield>
    <subfield code="9">13137</subfield>
  </datafield>
  <datafield tag="650" ind1=" " ind2="4">
    <subfield code="a">Apreciaci&#xF3;n musical</subfield>
    <subfield code="9">2776</subfield>
  </datafield>
  <datafield tag="650" ind1=" " ind2="4">
    <subfield code="a">Canciones infantiles</subfield>
    <subfield code="9">58583</subfield>
    <subfield code="x">Partituras</subfield>
  </datafield>
  <datafield tag="650" ind1=" " ind2="4">
    <subfield code="a">Bailes para ni&#xF1;os</subfield>
    <subfield code="9">78339</subfield>
  </datafield>
  <datafield tag="650" ind1=" " ind2="4">
    <subfield code="a">Actividades creativas y trabajos en clase</subfield>
    <subfield code="9">8126</subfield>
  </datafield>
  <datafield tag="650" ind1=" " ind2="4">
    <subfield code="a">Actividades para el aula</subfield>
    <subfield code="9">78817</subfield>
  </datafield>
  <datafield tag="650" ind1=" " ind2="4">
    <subfield code="a">Gu&#xED;a para docente - Musica</subfield>
    <subfield code="9">78338</subfield>
  </datafield>
  <datafield tag="910" ind1=" " ind2=" ">
    <subfield code="a">Saquino</subfield>
  </datafield>
  <datafield tag="942" ind1=" " ind2=" ">
    <subfield code="2">ddc</subfield>
    <subfield code="c">LF2</subfield>
  </datafield>
  <datafield tag="952" ind1=" " ind2=" ">
    <subfield code="0">0</subfield>
    <subfield code="1">0</subfield>
    <subfield code="2">ddc</subfield>
    <subfield code="5">1</subfield>
    <subfield code="7">0</subfield>
    <subfield code="8">PD</subfield>
    <subfield code="a">BNPHU</subfield>
    <subfield code="b">BNPHU</subfield>
    <subfield code="c">CT</subfield>
    <subfield code="d">2021-04-09</subfield>
    <subfield code="e">Dep&#xF3;sito Legal</subfield>
    <subfield code="o">BNPHU CIJ-PD 780.264 B737c</subfield>
    <subfield code="p">2021-1333</subfield>
    <subfield code="r">2021-04-09</subfield>
    <subfield code="w">2021-04-09</subfield>
    <subfield code="y">LF2</subfield>
  </datafield>
  <datafield tag="952" ind1=" " ind2=" ">
    <subfield code="0">0</subfield>
    <subfield code="1">0</subfield>
    <subfield code="2">ddc</subfield>
    <subfield code="5">6</subfield>
    <subfield code="7">0</subfield>
    <subfield code="8">PD</subfield>
    <subfield code="a">BNPHU</subfield>
    <subfield code="b">BNPHU</subfield>
    <subfield code="c">CT</subfield>
    <subfield code="d">2021-04-09</subfield>
    <subfield code="e">Dep&#xF3;sito Legal</subfield>
    <subfield code="o">BNPHU CIJ-PD 780.264 B737c</subfield>
    <subfield code="p">2021-1334</subfield>
    <subfield code="r">2021-04-09</subfield>
    <subfield code="t">e.2</subfield>
    <subfield code="w">2021-04-09</subfield>
    <subfield code="y">LF2</subfield>
  </datafield>
  <datafield tag="952" ind1=" " ind2=" ">
    <subfield code="0">0</subfield>
    <subfield code="1">0</subfield>
    <subfield code="2">ddc</subfield>
    <subfield code="5">6</subfield>
    <subfield code="7">0</subfield>
    <subfield code="8">DS</subfield>
    <subfield code="a">BNPHU</subfield>
    <subfield code="b">BNPHU</subfield>
    <subfield code="c">CT</subfield>
    <subfield code="d">2021-04-09</subfield>
    <subfield code="e">Dep&#xF3;sito Legal</subfield>
    <subfield code="o">BNPHU CIJ-DS 780.264 B737c</subfield>
    <subfield code="p">2021-1335</subfield>
    <subfield code="r">2021-04-09</subfield>
    <subfield code="t">e.3</subfield>
    <subfield code="w">2021-04-09</subfield>
    <subfield code="y">LF2</subfield>
  </datafield>
  <datafield tag="999" ind1=" " ind2=" ">
    <subfield code="c">49712</subfield>
    <subfield code="d">49712</subfield>
  </datafield>
</record>
